| 000 | 00527nam a2200193 a 4500 | ||
|---|---|---|---|
| 005 | 20140310183425.0 | ||
| 008 | 070927s19uu xx 00 eng d | ||
| 020 | _a978-0-470-04369-0 | ||
| 050 |
_aZ 52.5.M52 _b.T97 2007 |
||
| 100 | _aTyson, Herb | ||
| 245 |
_aMicrosoft Word 2007 Bible / _cHerb Tyson. |
||
| 260 |
_aCanada : _bWiley Publishing, Inc, _c2007. |
||
| 300 |
_a915 p. : _bill. ; _c24 cm |
||
| 521 | _aIT | ||
| 650 | _aMicrosoft Word. | ||
| 650 | _aWord processing. | ||
| 942 |
_cBK _2lcc _kFOR |
||
| 999 |
_c22637 _d22637 |
||